Gaming Quiz

Random Gaming or Board Games Quiz

Hexagon Hopping: Gaming Quiz Stats

 Plays Quiz Updated Jul 30, 2018

Score 0/89 Timer 10:00
10 Plays Today
% Correct
S - Speedy blue hedgehog with two-tailed fox as a best friend.
100%
P - Drawing-based board game. Categories include Object, Action, All Play and Difficult.
96.9%
H - Pencil and paper game where players guess a mystery word one letter at a time.
96.9%
Sonic
96.9%
Sonic
96.9%
FP - Square diagonally opposite “Go” on a Monopoly board
94.4%
94.4%
Z - Street Fighter II character, a pro-wrestler
hailing from the USSR.
91.9%
T - Handheld digital pet usually on a keychain released worldwide in 1997.
91.4%
Hangman
91.4%
Hangman
91.4%
RC - Six-sided 3D puzzle with the goal of
returning each face from mixed color to a single color.
91.4%
91.4%
B - Pokemon with the Pokedex number 1.
91.3%
Pictionary
91.3%
Pictionary
91.3%
Free Parking
90.3%
Free Parking
90.3%
H - Kingdom that is the setting for
many Legend of Zelda games.
88.2%
F - In Texas Hold'em poker, the first
three community cards are known as the…
88%
Rubiks Cube
87.7%
Rubiks Cube
87.7%
C - In Pac-Man, the only one of the four
ghosts' names that doesn't rhyme with the others.
85.2%
Tamagotchi
85.2%
Tamagotchi
85.2%
O - In Minecraft, this material is the hardest to mine.
83.9%
Bulbasaur
83.9%
Bulbasaur
83.9%
DK - Eponymous arcade character who threw barrels down sloped girders at 'Jumpman.'
81.5%
81.5%
% Correct
W - Trivial Pursuit players must collect six of these to have a chance of winning the game
81.4%
C - Turn-based strategy game by Sid Meier. Roman, Egyptian and Aztec empires feature.
81.3%
Obsidian
81.3%
Obsidian
81.3%
B - In chess, a piece that only moves diagonally.
81.2%
Donkey Kong
81.2%
Donkey Kong
81.2%
Y - Dice game where players can score a
Full House, Small Straight or Large Straight.
81.1%
M - Small spheres made of glass or plastic that can be used for a variety of games.
80.9%
Bishop
80.9%
Bishop
80.9%
Clyde
80.8%
Clyde
80.8%
GW - Two player process of elimination
game involving rows of different faces.
80.5%
80.5%
Hyrule
80.5%
Hyrule
80.5%
Flop
80.4%
Flop
80.4%
S - Toy that is a spring made of metal or plastic, able to 'walk' down stairs.
80.4%
Marbles
80.4%
Marbles
80.4%
GB - First handheld games console, released by Nintendo in 1989.
80.3%
80.3%
Zangief
80.3%
Zangief
80.3%
Yahtzee
80.3%
Yahtzee
80.3%
O - Game that tests players' manual dexterity to remove the 'Funny Bone' or 'Spare Ribs.'
80.2%
Game Boy
80.2%
% Correct
Game Boy
80.2%
Wedges
80%
Wedges
80%
Civilization
80%
Civilization
80%
M - Nintendo character, dressed mainly in red, whose brother is called Luigi.
80%
Slinky
80%
Slinky
80%
Guess Who
79.9%
Guess Who
79.9%
Operation
79.9%
Operation
79.9%
Mario
79.7%
Mario
79.7%
Mario
79.7%
Mario
79.7%
Mario
79.7%
Mario
79.7%
Mario
79.7%
Mario
79.7%
Mario
79.7%
Mario
79.7%
Mario
79.7%
Mario
79.7%
Mario
79.7%
Mario
79.7%
Mario
79.7%
Mario
79.7%
Mario
79.7%

You're not logged in!

Compare scores with friends on all Sporcle quizzes.
OR
Log In

Sporcle TV

Today on Sporcle TV


Watch our educational content, quiz creation guides, and fun videos on Sporcle TV.

Show Comments

Extras

Top Quizzes Today


Score Distribution

Your Account Isn't Verified!

In order to create a playlist on Sporcle, you need to verify the email address you used during registration. Go to your Sporcle Settings to finish the process.

Report this User

Report this user for behavior that violates our Community Guidelines.

Details: